Der seiltänzer für violine und klavier = Dancer on a tightrope for violin and piano
Saved in:
| Main Author: | |
|---|---|
| Format: | Musical Score |
| Language: | German English |
| Published: |
Hamburg :
Sikorski,
c1997.
|
| Series: | Exempla nova ;
241 |
| Subjects: |
| LEADER | 00947Ccm#a22002775a#4500 | ||
|---|---|---|---|
| 001 | 018632 | ||
| 005 | 20160707154537.0 | ||
| 008 | 070427s1997####gw#dfa#f############ger#d | ||
| 040 | |a AR-beUNQ | ||
| 041 | 1 | |a er |a eng | |
| 100 | 1 | |a Gubaidulina, Sofia |d 1931- | |
| 245 | 0 | 2 | |a Der seiltänzer für violine und klavier = |b Dancer on a tightrope for violin and piano |c Sofia Gubaidulina. |
| 260 | |a Hamburg : |b Sikorski, |c c1997. | ||
| 300 | |a 1 partitura (20 p.) + 1 pte. (11 p.) ; |c 30 cm. | ||
| 490 | 0 | |a Exempla nova ; |v 241 | |
| 546 | |a Referencias en alemán e inglés | ||
| 942 | |c PAR |n 0 | ||
| 650 | 7 | |a Música |2 Spines | |
| 653 | |a Música contemporánea | ||
| 653 | |a Partituras | ||
| 653 | |a Piano | ||
| 653 | |a Violín | ||
| 653 | |a Siglo XX | ||
| 929 | |a DONACION |b Fundación Gaudeamus |d 0 |e 20041130 |f PAT0018873 |g Exp. 827-0387/98 |j 40035 | ||
| 929 | |a DONACION |b Fundación Gaudeamus |d 0 |e 20041130 |f PAT0020635 |g Exp. 827-0387/98 |j 40332 | ||
| 999 | |c 222 |d 75609 | ||